ბათუმის შოთა რუსთაველის სახელმწიფო უნივერსიტეტის ბიბლიოთეკა

საქართველოს კლიმატის თანამედროვე ცვლილება. (ბიბ.ჩანაწერი № 35410)

000 -LEADER
fixed length control field 00730nam a2200229Ia 4500
001 - CONTROL NUMBER
control field 1265
003 - CONTROL NUMBER IDENTIFIER
control field GE_BSU
008 - FIXED-LENGTH DATA ELEMENTS--GENERAL INFORMATION
fixed length control field 181216s||||||||xx |||||||||||||| ||und||
020 ## - INTERNATIONAL STANDARD BOOK NUMBER
International Standard Book Number 5520009244
040 ## - CATALOGING SOURCE
Transcribing agency GE_BSU
080 ## - UNIVERSAL DECIMAL CLASSIFICATION NUMBER
Universal Decimal Classification number 551.5(479.22)
100 ## - MAIN ENTRY--PERSONAL NAME
Personal name მუმლაძე, დალი.
245 ## - TITLE STATEMENT
Title საქართველოს კლიმატის თანამედროვე ცვლილება.
245 ## - TITLE STATEMENT
Statement of responsibility, etc. რედ.გვახარია,ვ.
260 ## - PUBLICATION, DISTRIBUTION, ETC.
Place of publication, distribution, etc. თბილისი.
260 ## - PUBLICATION, DISTRIBUTION, ETC.
Name of publisher, distributor, etc. მეცნიერება.
260 ## - PUBLICATION, DISTRIBUTION, ETC.
Date of publication, distribution, etc. 1991.
300 ## - PHYSICAL DESCRIPTION
Extent 128 გვ.19 სმ.
653 ## - INDEX TERM--UNCONTROLLED
Uncontrolled term საქართველოს კლიმატი.
942 ## - ADDED ENTRY ELEMENTS (KOHA)
Koha item type წიგნი
ეგზემპლარები
Withdrawn status Lost status Damaged status Not for loan Date acquired Barcode Date last seen Price effective from Koha item type
        2018-12-17 2738 2018-12-17 2018-12-17 წიგნი